1283 1382 1978 1369 1677 1431 1249 1220 1667 1134 1844 1878 1140 1155 1270 1244 1399 1211 1880 1182 1161 1659 1104 1135 1456 1824 1488 1891 1593 1632 1787 1415 1502 1562 1208 1938 1356 1781 1475 1233 1186 1230 1759 1301 1166 1214 1810 1137 1256 1694 1443 1835 1226 1260 1530 1632 1550 1390 1983 1661 1626 1101 1504 1748 1939 1225 1071 1180 1674 1999 1934 1921 1494 1794 1001 1626 1328 1062 1967 1593 1251 1287 1877 1620 1909 1755 1250 1327 1985 1221 1574 1614 1574 1735 1487 1446 1145 1060 1201 BCNSPRNW ULIB Ver.6.0+V

เปลี่ยนเป็นภาษาไทย

Change to English
 แสดงรายละเอียดบรรณานุกรม
  กลับหน้าหลัก

Brief Record : Get Marc (ISO 2709) : E-mail record : QR code < ปิดหน้าต่าง
LEADER : 00000nam 2200000uu 4500
001    13399114308
003     ULIB
008    120321s2550||||th 000 0 tha d
020    ^a9789748290232
090    ^aนว.^bส935ห 2550
100 0  ^aแสตมป์เบอรี่
245 00 ^alove land หัวใจกิ๊กกั๊กคู่รักอลเวง/^cแสตมป์เบอรี่
250    ^aพิมพ์ครั้งที่ 1
260    ^aกรุงเทพฯ :^bแจ่มใส,^c2550
300    ^a229 หน้า
710 1  ^aแจ่มใส
945    ^p169^l0^i14448
995    ^aกัณชพร
999    ^aใช้งานได้ทุกระบบ
รายการนี้ยังไม่มีแท็ก
คุณยังไม่ได้ล็อกอิน คุณสามารถมีกิจกรรมร่วมกับเว็บไซต์ได้ แต่ต้องล็อกอินก่อน ::
  ล็อกอิน

รายการสื่อสารสนเทศ

ลำดับที่ ประเภท เลขเรียก/บาร์โค้ด สถานที่ สถานะ
1. นวนิยาย
นวนิยาย
นว. ส935ห 2550  
  Barcode: 14448
ห้องสมุดวิทยาเขตสวรรค์ประชารักษ์
►นวนิยาย
บนชั้น
  ขอยืม

รายการใกล้เคียง
    ผู้แต่ง [แสตมป์เบอรี่]

BibComment


ยังไม่เคยถูกคอมเมนท์

คอมเมนท์ทรัพยากรรายการนี้
  คอมเมนท์: love land หัวใจก..


 Copyright 2026. Bcnsprnw @Library